LEADER 01163nas 2200361-a 450 001 996218775703316 005 20190804011335.1 011 $a1030-4657 035 $a(OCoLC)191699900 035 $a(CKB)1000000000284908 035 $a(CONSER)--2008263095 035 $a(EXLCZ)991000000000284908 100 $a20080130a19879999 sa- - 101 0 $aeng 135 $aur||||||||||| 181 $ctxt$2rdacontent 182 $cc$2rdamedia 183 $acr$2rdacarrier 200 10$aAnnual report /$fInspector-General of Intelligence and Security 210 $aCanberra, ACT $cAustralian Govt. Pub. Service 517 1 $aIGIS annual report 517 1 $aInspector-General of Intelligence and Security annual report 531 $aANNUAL REPORT INSPECTOR-GENERAL OF INTELLIGENCE & SECURITY 606 $aIntelligence service$zAustralia$vPeriodicals 606 $aIntelligence service$2fast$3(OCoLC)fst00975848 607 $aAustralia$2fast 608 $aPeriodicals.$2fast 615 0$aIntelligence service 615 7$aIntelligence service. 906 $aJOURNAL 912 $a996218775703316 996 $aAnnual report$9162222 997 $aUNISA LEADER 02744oam 22006615 450 001 9910781627903321 005 20200520144314.0 010 $a1-283-29264-5 010 $a9786613292643 010 $a0-8213-8798-7 024 7 $a10.1596/978-0-8213-8797-9 035 $a(CKB)2550000000049524 035 $a(EBL)781367 035 $a(OCoLC)755417105 035 $a(SSID)ssj0000536680 035 $a(PQKBManifestationID)12231331 035 $a(PQKBTitleCode)TC0000536680 035 $a(PQKBWorkID)10550865 035 $a(PQKB)11522727 035 $a(MiAaPQ)EBC781367 035 $a(Au-PeEL)EBL781367 035 $a(CaPaEBR)ebr10506381 035 $a(CaONFJC)MIL329264 035 $a(The World Bank)2011034178 035 $a(US-djbf)16919179 035 $a(EXLCZ)992550000000049524 100 $a20110812d2011 uy 0 101 0 $aeng 135 $aurcn||||||||| 181 $ctxt$2rdacontent 182 $cc$2rdamedia 183 $acr$2rdacarrier 200 10$aFinancing Africa : $ethrough the crisis and beyond /$fThorsten Beck ... [and others] 210 1$aWashington DC :$cWorld Bank,$d[2011] 210 4$dcopyright 2011. 215 $axvii, 301 pages $cillustrations ;$d23 cm 300 $aDescription based upon print version of record. 311 $a0-8213-8797-9 320 $aIncludes bibliographical references and index. 327 $aFinancing Africa: setting the stage -- Landscaping African finance -- Expanding financial systems -- Lengthening financial contracts -- Safeguarding financial systems -- All financial sector policy is local. 330 $aFinancing Africa takes stock of Africa's financial systems in light of recent changes in the global financial system -including the greater risk aversion of international investors, a shift in economic and financial powers towards emerging markets and the regulatory reform debate - and the increasing role of technology. Using a wider and more detailed array of data than previous publications, we observe a trend towards financial deepening, more stability and more inclusion leading up to the crisis; serious challenges, however, continue, including limited access to financial services, focus on 410 0$aWorld Bank e-Library. 606 $aFinancial institutions$zAfrica 606 $aFinance$zAfrica 606 $aMonetary policy$zAfrica 615 0$aFinancial institutions 615 0$aFinance 615 0$aMonetary policy 676 $a332.096 700 $aBeck$b Thorsten$01474036 701 $aBeck$b Thorsten$01474036 801 0$bIEN/DLC 801 1$bDLC 801 2$bDLC 906 $aBOOK 912 $a9910781627903321 996 $aFinancing Africa$93856671 997 $aUNINA LEADER 03936nam 22006255 450 001 9910422644203321 005 20240311135420.0 010 $a9783030534523 010 $a3030534529 024 7 $a10.1007/978-3-030-53452-3 035 $a(CKB)4100000011435805 035 $a(MiAaPQ)EBC6348286 035 $a(DE-He213)978-3-030-53452-3 035 $a(Perlego)3480676 035 $a(EXLCZ)994100000011435805 100 $a20200910d2020 u| 0 101 0 $aeng 135 $aurnn|008mamaa 181 $ctxt$2rdacontent 182 $cc$2rdamedia 183 $acr$2rdacarrier 200 10$aPossible Worlds Theory and Counterfactual Historical Fiction /$fby Riyukta Raghunath 205 $a1st ed. 2020. 210 1$aCham :$cSpringer International Publishing :$cImprint: Palgrave Macmillan,$d2020. 215 $a1 online resource (XV, 224 p. 28 illus., 8 illus. in color.) 311 08$a9783030534516 311 08$a3030534510 327 $aChapter 1. Introduction: The Genre of Counterfactual Historical Fiction -- Chapter 2: Possible Worlds Theory: History, Approaches, and its Relevance to Counterfactual Historical Fiction -- Chapter 3: New Additions to Possible Worlds Theory: Reader Knowledge Worlds, Ontological Superimposition, and Reciprocal Feedback -- Chapter 4: Redefining Counterpart Theory and Transworld Identity -- Chapter 5: The Complex and Mixed Ontology of Fatherland -- Chapter 6: The Dystopian Counterfactual World and Unreliable Narration in The Sound of his Horn -- Chapter 7: Multiple Textual Actual Worlds and Contradictions in Making History -- Chapter 8: Conclusion and Future Recommendations. 330 $a"Riyukta Raghunath's monograph offers a stimulating reappraisal of alternate history fiction. This cognitively informed approach, supported by thorough readings of counterfactual World War II novels, demonstrates the vitality of possible worlds-based theories of narrative." - Marco Caracciolo, Ghent University, Belgium This book offers a comprehensive Possible Worlds framework with which to analyse counterfactual historical fiction. Counterfactual historical fiction is a literary genre that comprises narratives set in worlds whose histories run contrary to the history of our world, usually speculating on what would have happened had a significant historical event (such as a war) turned out differently. The author develops a systematic critical approach based on a customised model of Possible Worlds Theory supplemented by cognitive concepts that account for the different processes that readers go through when they read counterfactualhistorical fiction, a genre which relies heavily on pre-existing knowledge about history and culture. This book will be of interest to anyone working with Possible Worlds, including within the fields of philosophy, literary studies, stylistics, cognitive poetics, and narratology. Riyukta Raghunath is a Lecturer in the English department at New College of the Humanities, UK. 606 $aPsycholinguistics 606 $aFiction 606 $aLanguage and languages$xStyle 606 $aWorld War, 1939-1945 606 $aPsycholinguistics and Cognitive Lingusitics 606 $aFiction Literature 606 $aStylistics 606 $aHistory of World War II and the Holocaust 615 0$aPsycholinguistics. 615 0$aFiction. 615 0$aLanguage and languages$xStyle. 615 0$aWorld War, 1939-1945. 615 14$aPsycholinguistics and Cognitive Lingusitics. 615 24$aFiction Literature. 615 24$aStylistics. 615 24$aHistory of World War II and the Holocaust. 676 $a809.38768 676 $a410 700 $aRaghunath$b Riyukta$01059080 801 0$bMiAaPQ 801 1$bMiAaPQ 801 2$bMiAaPQ 906 $aBOOK 912 $a9910422644203321 996 $aPossible worlds theory and counterfactual historical fiction$92504093 997 $aUNINA